00791nom a22001337a 450000500170000000800410001704100080005808200380006624500380010450004390014265000270058165000240060865000250063220220608182338.0190718b xxu||||| |||| 00| 0 spa d aESP aModelos de úlcera por presión aModelos de úlcera por presión aContiene: Etapa 1: Herida con enrojecimiento sin lesión cutánea. Etapa 2: Herida abierta enrojecida con pérdida cutánea parcial. Etapa 3: Herida abierta profunda que atraviesa todas las capas de la piel y llega al músculo. Etapa 4: Herida abierta profunda severa que atraviesa todas las capas de la piel dañando el músculo, el hueso, los tendones y las articulaciones. Se prestan para el mismo día, hasta las 7:50 pm aÚLCERA POR PRESIÓN aLESIONES EN LA PIEL aMODELOS ANATÓMICOS